| 000 | 01036nam a22002655a 4500 | ||
|---|---|---|---|
| 999 |
_c27541 _d27512 |
||
| 003 | EG-ScBUE | ||
| 005 | 20190617122251.0 | ||
| 008 | 190617s2018 ua gr 000 0 eng d | ||
| 017 | _a2018 / 1632 | ||
| 020 | _a9789772052684 | ||
| 040 |
_aEG-ScBUE _bara _cEG-ScBUE _dEG-ScBUE |
||
| 082 | 0 | 4 |
_a297.5 _bت ص ح _222 |
| 245 | 0 | 0 |
_aتصحيح المفاهيم / _cبقلم مجموعة من العلماء ؛ إشراف محيي الدين عفيفي أحمد. |
| 260 |
_aالقاهرة : _bالأزهر الشريف، مجمع البحوث افسلامية، _c2018. |
||
| 300 |
_a117 ص. ؛ _c22 سم. |
||
| 490 | 0 |
_aسلسلة مجمع البحوث الإسلامية ؛ _v49 |
|
| 541 |
_aDr. Noha Gamal ; _cDonation ; |
||
| 650 | 7 |
_aالثقافة الإسلامية. _2BUEsh |
|
| 650 | 7 |
_aالأخلاق الإسلامية. _2BUEsh |
|
| 650 | 7 |
_aالإيمان والإلحاد. _2BUEsh |
|
| 651 | _2BUEsh | ||
| 653 |
_bGGEN _cJune2019 |
||
| 700 | 1 |
_aأحمد، محيي الدين عفيفي، _eمشرف. |
|
| 942 | _2ddc | ||